| 000 | 00785nam a2200265 i 4500 | ||
|---|---|---|---|
| 001 | 000009725 | ||
| 003 | DO-SdBNP | ||
| 005 | 20260203134803.0 | ||
| 007 | ta | ||
| 008 | 240222s1980 dr 000 p spa d | ||
| 040 |
_aDO-SdBNP _bspa _cBNPHU _erda |
||
| 041 | _aspa | ||
| 082 | 4 |
_axxx _bM236p _222 |
|
| 100 |
_aMalagón, Alberto, _eautor _4aut. _916526 |
||
| 245 | 1 | 0 |
_a¿Piensan otros por usted? : _b(los secretos de la prensa independiente / _cAlberto Malagón |
| 264 | 1 |
_aSanto Domingo : _bUASD, _c1990. |
|
| 300 |
_a50 paginas ; _c23 cm. |
||
| 336 |
_atexto _btxt _2rdacontent |
||
| 337 |
_asin mediación _bn _2rdamedia |
||
| 338 |
_avolumen _bnc _2rdacarrier |
||
| 490 | 1 |
_aCuadernos de comunicación _v2 |
|
| 590 | _aInventariado, 2024/DG | ||
| 910 | _aDG | ||
| 942 |
_2ddc _cLF2 |
||
| 999 |
_c55993 _d55993 |
||